Geboren in Toulouse - Statistiken

Allgemein
  • Dieses Quiz wurde 4 mal gespielt
  • Das Durchschnittsergebnis liegt bei 3 aus 9
Antwortstatistiken
Hinweis Antwort % Korrekt
früherer Nationalspieler (Arsenal und Manchester City) 1985 Gael Clichy
100%
früherer Nationalspieler (Paris Saint Germain und Juventus Turin) 1987 Blaise Matuidi
75%
Schriftsteller, "Die Ameisen" 1961 Bernard Werber
25%
Tennisspieler 2000 Hugo Gaston
25%
Politiker der Partei UMP, früherer Präsident der Nationalversammlung und Präsident des Verfassungsgerichtes 1944 Jean-Louis Debré
25%
DJ und Musikproduzent, "No Stress" "Survive" 1971 Laurent Wolf
25%
bekannte Persönlichkeit der französischen Studentenbewegung und linker Philosoph 1946 Daniel Bensaid
0%
Staatsmann (u.a Finanzminister) zur Zeit der Restauration 1773 Jean-Baptiste de Villèle
0%
Artist und erster Mensch der "das fliegende Trapez" aufführte, sowie Erfinder eines nach ihm benannten Turnanzug 1838 Jules Léotard
0%
Keine übereinstimmenden Quizze gefunden
Verteilung der Resultate
Anzahl Personen mit jedem Resultat
Perzentil nach korrekt beantworteten Fragen
Ihre Resultats-Entwicklung
Sie haben dieses Quiz noch nicht gespielt